=LDR 00000nam 2200000 4500 =001 INLIS000000000020413 =005 20130612115349 =008 ***********************************Ind** =035 ##$$0010-061300000020413 =041 ##$$a Ind =082 ##$$a 155.4 =090 ##$$a 155.4, Kui t =100 ##$$a Kuitenbrouler, Peter =245 ##$$a 7 rahasia anak-anak sangat sukses, oleh Peter Kuitenbrouwer ; alih bahasa, Valentina =260 ##$$a 2003 $b Jakarta =300 ##$$a vi, 127 hlm, ilus, 21 cm =650 ##$$a Anak Perkembangan =850 ##$$a NBPNMAT